000 00185nam a22000857a 4500
999 _c64976
_d64973
100 _aداکتر آدم شیخ
245 _aمجروح سلطان پوری
260 _a۱۴۲
942 _cBK